| 000 | 00000nam##2200000za#4500 |
| 001 | 9.622559 |
| 003 | CaOODSP |
| 005 | 20240212134142 |
| 007 | ta |
| 008 | 150406|1994||||xxc||||| f|0| 0 fre|d |
| 020 | |a0-662-98996-1 |
| 022 | |a1713-0646 |
| 040 | |aCaOODSP|bfre |
| 043 | |an-cn--- |
| 086 | 1 |aNE22-1/1994-2F |
| 110 | 1 |aCanada. |bOffice national de l'énergie. |
| 245 | 10|aRelativement à Brooklyn Navy Yard Cogeneration Partners, L.P.; Husky Oil Operations Ltd.; ProGas Limited; Shell Canada Limited; Western Gas Marketing Limited : |bdemande de licence d'exportation de gaz naturel conformément à la Partie VI de la Loi sur l'Office national de l'énergie, et ProGas Limited: demande conformément à l'article 21 et à la Partie VI de la Loi sur l'Office national de l'énergie en vue d'obtenir une modification de deux licence d'exportation de gaz naturel |
| 260 | |aCalgary - Alberta : |bOffice national de l'énergie |cFévrier 1994. |
| 300 | |avii, 64p. : |bgraphiques ; |c28 cm. |
| 490 | 1 |aMotifs de décision|x1713-0646 |
| 563 | |aCouverture souple |
| 691 | 07|aIndustrie pétrolière|2gcpds |
| 775 | 08|tIn the matter of: Brooklyn Navy Yard Cogeneration Partners, L.P.; Husky Oil Operations Ltd.; ProGas Limited; Shell Canada Limited; Western Gas Marketing Limited : |w(CaOODSP)9.611055 |
| 830 | #0|aMotifs de décision (Canada. Office national de l'énergie)|x1713-0646|w(CaOODSP)9.513162 |
| 986 | |aGH-5-93 |